Central Library OPAC University of Rajshahi

Secondary metabolism in plant cell cultures / (Record no. 67676)

MARC details
000 -LEADER
fixed length control field 00989nam a2200253 a 4500
001 - CONTROL NUMBER
control field 67676
003 - CONTROL NUMBER IDENTIFIER
rucl marc code BD-RjUL
005 - DATE AND TIME OF LATEST TRANSACTION
control field 20211209081700.0
008 - FIXED-LENGTH DATA ELEMENTS--GENERAL INFORMATION
fixed length control field 860711s1986 enka b 100 0 eng
020 ## - INTERNATIONAL STANDARD BOOK NUMBER
International Standard Book Number 0521328896
035 ## - SYSTEM CONTROL NUMBER
System control number (BD-RjUL)67885
040 ## - CATALOGING SOURCE
Original cataloging agency DLC
Transcribing agency DLC
Modifying agency DLC
-- BD-RjUL
Language of cataloging eng
041 ## - LANGUAGE CODE
Language code of text/sound track or separate title eng
082 00 - DEWEY DECIMAL CLASSIFICATION NUMBER
Edition number 23
Classification number 581.87
Author mark and year SEC 1986
245 10 - TITLE STATEMENT
Title Secondary metabolism in plant cell cultures /
Statement of responsibility, etc. edited by Phillip Morris ... [et al.].
260 ## - PUBLICATION, DISTRIBUTION, ETC. (IMPRINT)
Place of publication, distribution, etc. Cambridge ;
-- New York :
Name of publisher, distributor, etc. Cambridge University Press,
Date of publication, distribution, etc. 1986.
300 ## - PHYSICAL DESCRIPTION
Pagination ix, 262 p. :
Illustrations ill. ;
Size 26 cm.
500 ## - GENERAL NOTE
General note Papers presented at a meeting held in Sheffield, England, in the summer of 1985, sponsored by the U.K. branch of the International Association of Plant Cell and Tissue Culture.
504 ## - BIBLIOGRAPHY, ETC. NOTE
Bibliography, etc Includes bibliographies.
650 #0 - SUBJECT ADDED ENTRY--TOPICAL TERM
Topical term or geographic name as entry element Plant cells and tissues
9 (RLIN) 200644
700 1# - ADDED ENTRY--PERSONAL NAME
Personal name Morris, Phillip.
710 2# - ADDED ENTRY--CORPORATE NAME
Corporate name or jurisdiction name as entry element International Association of Plant Cell and Tissue Culture.
9 (RLIN) 200646
942 ## - ADDED ENTRY ELEMENTS (KOHA)
Source of classification or shelving scheme Dewey Decimal Classification
Koha item type Books
Holdings
Lost status Source of classification or shelving scheme Damaged status Not for loan Collection code Permanent Location Current Location Shelving location Date acquired Source of acquisition Cost, normal purchase price Total Checkouts Full call number Date last seen Copy number Koha item type
  Dewey Decimal Classification   Not For Loan Non-fiction Central Library, University of Rajshahi Central Library, University of Rajshahi Reading Room 20/07/1997 Centre Book, Rajshahi 2246.25   581.87 SEC 1986 28/03/2017 C-1 Books